000 01056cam a22003013a 4500
001 2359
003 PGUSA
005 20140828083013.0
008 060326s2006||||xxu|||||s|||||000 1 eng d
040 _aPGUSA
_beng
042 _adc
050 4 _aPR
245 1 0 _aStories By English Authors :
_bFrance (Selected by Scribners)
_h[electronic resource]
260 _bProject Gutenberg,
_c2006
505 0 _aA Lodging For The Night, by Stevenson -- A Leaf In The Storm, by Ouida -- A Terribly Strange Bed, by Collins -- Michel Lorio's Cross, by Stretton -- A Perilous Amour, by Weyman.
506 _aPublic domain in the USA.
516 _aElectronic text
653 _aFrance -- Fiction
653 _aShort stories, English
700 1 _aWeyman, Stanley John,
_d1855-1928
700 1 _aCollins, Wilkie,
_d1824-1889
700 1 _aOuida,
_d1839-1908
700 1 _aStretton, Hesba,
_d1832-1911
700 1 _aStevenson, Robert Louis,
_d1850-1894
830 0 _aProject Gutenberg
_v2359
856 4 0 _uhttp://www.gutenberg.org/ebooks/2359
942 _cEB
999 _c231696
_d231696